Continued fractions /
Guardado en:
| Autor Principal: | |
|---|---|
| Formato: | Libro |
| Idioma: | English |
| Publicado: |
[New York] :
Random House,
c1963.
|
| Series: | New mathematical library ;
9 |
| Etiquetas: |
Agregar Etiqueta
Sin Etiquetas, Sea el primero en etiquetar este registro!
|
| LEADER | 00503nam a22001695a 4500 | ||
|---|---|---|---|
| 001 | MAT.inmabb001415 | ||
| 008 | 031124s1963####nyu###########000#0#eng#d | ||
| 005 | 20170815161842.0 | ||
| 245 | 1 | 0 | |a Continued fractions / |c by C. D. Olds. |
| 260 | |a [New York] : |b Random House, |c c1963. | ||
| 300 | |a viii, 162 p. ; |c 23 cm. | ||
| 440 | 0 | |a New mathematical library ; |v 9 | |
| 510 | 4 | |a MR, |c 26 #3672 | |
| 100 | 1 | |a Olds, C. D. | |
| 084 | |a 10.31 |a 11-XX |2 msc2000 | ||
| 010 | |a 61012185 | ||
| 859 | |h 11 |i Ol44 |p A-1688 |b BIB. MATEMATICA | ||
